Multiple modernities in Muslim societies / (Record no. 353465)

000 -LEADER
fixed length control field 02480cam a22004215a 4500
001 - CONTROL NUMBER
control field 16335757
003 - CONTROL NUMBER IDENTIFIER
control field OSt
005 - DATE AND TIME OF LATEST TRANSACTION
control field 20180116192408.0
008 - FIXED-LENGTH DATA ELEMENTS--GENERAL INFORMATION
fixed length control field 100716s2007 sz a | b 10| 0 eng
010 ## - LIBRARY OF CONGRESS CONTROL NUMBER
LC control number 2010481394
015 ## - NATIONAL BIBLIOGRAPHY NUMBER
National bibliography number GBA958490
Source bnb
015 ## - NATIONAL BIBLIOGRAPHY NUMBER
National bibliography number GBA958490
Source dnb
016 7# - NATIONAL BIBLIOGRAPHIC AGENCY CONTROL NUMBER
Record control number 015290335
Source Uk
020 ## - INTERNATIONAL STANDARD BOOK NUMBER
International Standard Book Number 9781848851832 (pbk.)
020 ## - INTERNATIONAL STANDARD BOOK NUMBER
International Standard Book Number 1848851839 (pbk.)
035 ## - SYSTEM CONTROL NUMBER
System control number (OCoLC)ocn403402355
040 ## - CATALOGING SOURCE
Original cataloging agency UKM
Transcribing agency UKM
Modifying agency CDX
-- IXA
-- BTCTA
-- YDXCP
-- BON
-- DEBBG
-- DLC
042 ## - AUTHENTICATION CODE
Authentication code ukscp
-- lccopycat
050 00 - LIBRARY OF CONGRESS CALL NUMBER
Classification number NA2543.S6
Item number M85 2007
082 04 - DEWEY DECIMAL CLASSIFICATION NUMBER
Classification number 181.07
Edition number 22
245 00 - TITLE STATEMENT
Title Multiple modernities in Muslim societies /
Statement of responsibility, etc. edited by Modjtaba Sadria.
260 ## - PUBLICATION, DISTRIBUTION, ETC.
Place of publication, distribution, etc. London :
Name of publisher, distributor, etc. Aga Khan Award for Architecture,
Date of publication, distribution, etc. 2007.
300 ## - PHYSICAL DESCRIPTION
Extent 156 p. :
Other physical details ill. ;
Dimensions 26 cm.
500 ## - GENERAL NOTE
General note Papers from "the workshop on the topic of Tangible Elements of Multiple Modernities, held at the Institute for the Study of Muslim Civilisations (AKU-ISMC) in London in May 2007."
500 ## - GENERAL NOTE
General note Some bibliographical references in multiple languages.
504 ## - BIBLIOGRAPHY, ETC. NOTE
Bibliography, etc. note Includes bibliographical references.
505 2# - FORMATTED CONTENTS NOTE
Formatted contents note Modernities: Re-posing the issues / Modjtaba Sadria -- From civilisations to multiple modernities: The issue of the public sphere / Armando Salvatore -- Iranian Islamic modernities / Masoud Kamali -- Why Critical Modernism? / CharlesJencks -- From critique in modernity to critique of modernity / Homa Farjadi -- A destructive vacuum: The marginalisation of local knowledge and reassertion of local identities / Farid Panjwani -- Modernity: Keep out of reach of children / Fatemeh Hosseini-Shakib -- Multiple modernities: A theoretical frame / Masoud Kamali -- Some reflections on "Tangible elements of multiple modernities" / Daniz Kandiyoti -- Multiple modernities in contemporary architecture / Jeremy Melvin -- Entangled modernity: Multiple architectural expressions of global phenomena: the Late Ottoman example / Stefan Weber.
650 #0 - SUBJECT ADDED ENTRY--TOPICAL TERM
Topical term or geographic name entry element Islam and architecture.
9 (RLIN) 1073
650 #0 - SUBJECT ADDED ENTRY--TOPICAL TERM
Topical term or geographic name entry element Islam and civil society.
9 (RLIN) 1074
650 #0 - SUBJECT ADDED ENTRY--TOPICAL TERM
Topical term or geographic name entry element Modern movement (Architecture)
9 (RLIN) 1075
700 1# - ADDED ENTRY--PERSONAL NAME
Personal name Sadria, M.
Fuller form of name (Modjtaba),
Dates associated with a name 1949-
9 (RLIN) 1076
710 2# - ADDED ENTRY--CORPORATE NAME
Corporate name or jurisdiction name as entry element Aga Khan Award for Architecture (Organization)
9 (RLIN) 1077
710 2# - ADDED ENTRY--CORPORATE NAME
Corporate name or jurisdiction name as entry element Aga Khan University.
Subordinate unit Institute for the Study of Muslim Civilisations.
9 (RLIN) 1078
906 ## - LOCAL DATA ELEMENT F, LDF (RLIN)
a 0
b ibc
c copycat
d 2
e ncip
f 20
g y-gencatlg
942 ## - ADDED ENTRY ELEMENTS (KOHA)
Source of classification or shelving scheme
Koha item type Book
Holdings
Withdrawn status Lost status Source of classification or shelving scheme Damaged status Not for loan Permanent Location Current Location Date acquired Total Checkouts Total Renewals Full call number Barcode Date last seen Date last checked out Cost, replacement price Price effective from Koha item type
          School of Art Design and Architecture (SADA) School of Art Design and Architecture (SADA) 04/25/2012 4 2 181.07 MUL 2007 SADA0001657 04/09/2025 02/16/2024 3216.00 04/26/2012 Book
© 2023 Central Library, National University of Sciences and Technology. All Rights Reserved.